|
|
|
|
| LEADER |
00000nam a22000007a 4500 |
| 005 |
20191016214343.0 |
| 007 |
cr|||| |||| |
| 008 |
191016c20149999us wr|w s|||| 0|||b1eng d |
| 022 |
|
|
|a 1551-2681
|
| 035 |
|
|
|a 22304
|
| 040 |
|
|
|a vLex
|
| 090 |
|
|
|c 9855
|d 9855
|
| 245 |
0 |
0 |
|a Iran Times International (Washington, DC)
|h [Recurso electrn̤ico] /
|
| 256 |
|
|
|a Servicio en ln̕ea
|
| 260 |
|
|
|a Teherǹ:
|b Iran Times International,
|c 2014
|
| 300 |
|
|
|a 1 recurso electrn̤ico
|
| 310 |
|
|
|a Semanal
|
| 506 |
1 |
|
|a Disponible solo en los productos indicados
|d vLex Global
|d vLex Global (Academic Edition, excluding Law Schools)
|d vLex Global (Academic Edition, Law Schools)
|
| 650 |
0 |
4 |
|a Materias no jurd̕icas
|z Estados Unidos
|
| 740 |
0 |
|
|a vLex Revistas (Servicio en ln̕ea)
|
| 856 |
4 |
0 |
|u http://vlex.com/source/22304
|z Acceso restringido
|
| 942 |
|
|
|c REV
|
| 999 |
0 |
|
|a Non-legal matters
|